ORDENANZAS DE TEMA INDÌGENA EN CASTELLANO Y NÀHUTL (Registro nro. 68717)

Detalles MARC
000 -CABECERA
campo de control de longitud fija 01139nam a22002657a 4500
003 - IDENTIFICADOR DEL NÚMERO DE CONTROL
campo de control BPGM
008 - DATOS DE LONGITUD FIJA--INFORMACIÓN GENERAL
campo de control de longitud fija 260630s2003 mx la||| |||| 001 u spa d
020 ## - NÚMERO INTERNACIONAL ESTÁNDAR DEL LIBRO
Número Internacional Estándar del Libro ISBN 968-6836-18-7
040 ## - FUENTE DE LA CATALOGACIÓN
Lengua de catalogación spa
041 ## - CÓDIGO DE LENGUA
Código de lengua del texto/banda sonora o título independiente SPA
Código de lengua original SPA
082 04 - NÚMERO DE LA CLASIFICACIÓN DECIMAL DEWEY
Número de clasificación 348.02
Número de documento/Ítem H32
100 ## - ENTRADA PRINCIPAL--NOMBRE DE PERSONA
Nombre de persona Miguel León-Portilla
Término indicativo de función/relación Maximiliano de Habsburgo
240 ## - TÍTULO UNIFORME
Título uniforme ORDENANZAS DE TEMA INDÌGENA EN CASTELLANO Y NÀHUTL
242 ## - TÍTULO TRADUCIDO POR EL CENTRO/AGENCIA CATALOGADOR
Título ORDENANZAS DE TEMA INDÌGENA EN CASTELLANO Y NÀHUTL
Resto del título EXPEDIDAS POR MAXIMILIANO DE HABSBURGO
245 ## - MENCIÓN DE TÍTULO
Título ORDENANZAS DE TEMA INDÌGENA EN CASTELLANO Y NÀHUTL
Resto del título EXPEDIDAS POR MAXIMILIANO DE HABSBURGO
Mención de responsabilidad, etc. MIGUEL LEÒN-PORTILLA
260 ## - PUBLICACIÓN, DISTRIBUCIÓN, ETC.
Lugar de publicación, distribución, etc. Gobierno del Estado de Querétaro
Nombre del editor, distribuidor, etc. Miguel León-Portilla
Fecha de publicación, distribución, etc. ENERO DEL 2003
300 ## - DESCRIPCIÓN FÍSICA
Extensión 45 paginas
Dimensiones 30,5 cmX 23,6
336 ## - TIPO DE CONTENIDO
Fuente rdacontent
Término de tipo de contenido texto
Código de tipo de contenido txt
337 ## - TIPO DE MEDIO
Fuente rdamedia
Nombre/término del tipo de medio sin mediación
Código del tipo de medio n
338 ## - TIPO DE SOPORTE
Fuente rdacarrier
Nombre/término del tipo de soporte volumen
Código del tipo de soporte nc
600 ## - PUNTO DE ACCESO ADICIONAL DE MATERIA--NOMBRE DE PERSONA
Nombre de persona Miguel León-Portilla
Títulos y otros términos asociados al nombre Maximiliano de Habsburgo
650 ## - PUNTO DE ACCESO ADICIONAL DE MATERIA--TÉRMINO DE MATERIA
Término de materia o nombre geográfico como elemento de entrada LEYES (ESTATUTOS), REGLAMENTACIONES, JURISPRUDENCIA
Subdivisión de forma CIENCIAS SOCIALES
Subdivisión general OBRAS ENCICLOPEDIAS GENERALES
700 ## - PUNTO DE ACCESO ADICIONAL--NOMBRE DE PERSONA
Nombre de persona Miguel León-Portilla
Término indicativo de función/relación Maximiliano de Habsburgo
942 ## - ELEMENTOS DE PUNTO DE ACCESO ADICIONAL (KOHA)
Fuente del sistema de clasificación o colocación Dewey Decimal Classification
Tipo de ítem Koha Colección Querétaro
Existencias
Estado de retiro Estado de pérdida Fuente del sistema de clasificación o colocación Estado dañado No para préstamo Localización permanente Ubicación/localización actual Fecha de adquisición Fuente de adquisición Total de préstamos Signatura topográfica completa Fecha visto por última vez Precio válido a partir de Tipo de ítem Koha
    Dewey Decimal Classification     BIBLIOTECA PÚBLICA CENTRAL ESTATAL “FRANCISCO CERVANTES” BIBLIOTECA PÚBLICA CENTRAL ESTATAL “FRANCISCO CERVANTES” 06/30/2026 DONACION   348.02 H32 06/30/2026 06/30/2026 Colección Querétaro